Obščaja teorija sistem Matematičeskije osnovy

Guardado en:
Detalles Bibliográficos
Autor principal: Mesarovic, M.D
Otros Autores: Takahara, Yasuhiko, Napel'baum, E.L
Formato: Libro
Lenguaje:ruso
Publicado: Moskva Mir 1978
Edición:1. izd.
Etiquetas: Agregar Etiqueta
Sin Etiquetas, Sea el primero en etiquetar este registro!

MARC

LEADER 00000nam a2200000 4500
001 c038126
005 20230223113954.9
041 0 |a rus 
044 |a RU 
245 1 0 |a Obščaja teorija sistem  |b Matematičeskije osnovy  |c M.D. Mesarovic, Yasuhiko Takahara ; [Z angl. prel.] E.L. Napel'baum 
250 |a 1. izd. 
264 1 |a Moskva  |b Mir  |c 1978 
300 |a 311 s. 
100 1 |a Mesarovic, M.D. 
700 1 |a Takahara, Yasuhiko 
700 1 |a Napel'baum, E.L.